000 00303nam a2200133Ia 4500
008 100328s9999 xx 000 0 und d
082 _b1808
100 _aAurobindo
245 _aIsha Upanishad
260 _bArya Book Depot
630 _aIsha Upanishad
730 _aIsha Upanishad
942 _cBOOK
999 _c498056
_d498053